000
00308nam a2200121Ia 4500
008
151015s9999 xx 000 0 und d
020
_a
51
050
_a
HF1118 .G62 2008
250
_a
_GMAT Premier Program Kaplan
300
_a
New York Kaplan 2008
650
_a
_GMAT
700
_a
^d20130613 10:35:48^oanne
999
_c
5234
_d
5234